[Event "Vlaams kampioenschap 17"]
[Site "KGSRL"]
[Date "2017.05.26"]
[Round "4.1"]
[White "Piceu, Tom"]
[Black "Adriaens, Peter"]
[Result "1-0"]
[WhiteElo "2374"]
[BlackElo "1924"]
[PlyCount "75"]
[EventDate "2017.??.??"]

1. d4 Nf6 2. c4 e6 3. Nf3 Bb4+ 4. Bd2 Qe7 5. a3 Bxd2+ 6. Qxd2 d5 7. Nc3 c6 8.
Qg5 O-O 9. e3 h6 10. Qh4 Nbd7 11. Ne5 Re8 12. f4 dxc4 13. Bxc4 Nd5 14. Qg3 N7f6
15. Qf3 Nb6 16. O-O Nxc4 17. Nxc4 c5 18. Rfd1 cxd4 19. Rxd4 Rd8 20. Rxd8+ Qxd8
21. Rd1 Qc7 22. Ne5 a6 23. Rd4 Nd5 24. Nxd5 exd5 25. Rxd5 Be6 26. Rd2 Bb3 27.
Qf1 Qc5 28. Qd3 Be6 29. h3 Rc8 30. Kh2 Qc1 31. e4 Ba2 32. Nf3 Bb1 33. Qd5 Rc4
34. Ne5 Rc7 35. Ng6 Bxe4 36. Qd8+ Kh7 37. Nf8+ Kg8 38. Ne6+ 1-0

[Event "Vlaams kampioenschap 17"]
[Site "KGSRL"]
[Date "2017.05.26"]
[Round "4.9"]
[White "Todts, Benny"]
[Black "Deketelaere, Francky"]
[Result "1-0"]
[WhiteElo "2008"]
[BlackElo "1750"]
[PlyCount "105"]
[EventDate "2017.??.??"]

1. e4 d6 2. d4 Nf6 3. Nc3 e5 4. Nf3 Nbd7 5. Bc4 h6 6. h3 Be7 7. Be3 c6 8. a4
Qc7 9. O-O O-O 10. Bb3 Re8 11. Qd2 Nf8 12. d5 Bd7 13. Rad1 c5 14. Nxe5 dxe5 15.
d6 Bxd6 16. Qxd6 Qxd6 17. Rxd6 Rac8 18. Bxh6 c4 19. Ba2 Be6 20. Be3 a6 21. Rfd1
N6d7 22. Nd5 f6 23. Nb6 Nxb6 24. Bxb6 Bf7 25. c3 Be6 26. Kh2 Kf7 27. a5 Ke7 28.
Bb1 Nd7 29. Bc2 Nc5 30. Bxc5 Rxc5 31. Rb6 Bc8 32. Ba4 Rd8 33. Rb4 Rxd1 34. Bxd1
Rc7 35. Be2 Be6 36. Rb6 Bc8 37. Kg3 Bd7 38. Bg4 Bc6 39. f3 Kd6 40. Bf5 Ke7 41.
Kg4 Kd6 42. Kh5 Re7 43. Kg6 Kc7 44. Kh7 Kd8 45. Kg8 Ke8 46. Bg6+ Kd8 47. Kf8
Rd7 48. Be8 Rd2 49. Bxc6 bxc6 50. Kxg7 Rxg2+ 51. Kxf6 Rf2 52. Kxe5 Rxf3 53. Kd6
1-0

[Event "Vlaams kampioenschap 17"]
[Site "KGSRL"]
[Date "2017.05.26"]
[Round "4.10"]
[White "Peeters, Tim"]
[Black "Goossens, Hanne"]
[Result "1/2-1/2"]
[WhiteElo "2008"]
[BlackElo "2149"]
[PlyCount "154"]
[EventDate "2017.??.??"]

1. d4 f5 2. e4 fxe4 3. Nc3 Nf6 4. Bg5 Nc6 5. d5 Ne5 6. Qe2 Nf7 7. Bxf6 exf6 8.
Nxe4 Be7 9. d6 Nxd6 10. Nxd6+ cxd6 11. Qc4 Qa5+ 12. c3 Qe5+ 13. Be2 d5 14. Qd3
b6 15. Nf3 Qe4 16. O-O Bb7 17. Rfe1 Qxd3 18. Bxd3 Kf7 19. Rad1 Rad8 20. Bc2 Bc5
21. Bb3 Rhe8 22. Bxd5+ Bxd5 23. Rxd5 Rxe1+ 24. Nxe1 Ke6 25. Rh5 h6 26. Nd3 Bd6
27. Kf1 f5 28. Rh4 Rc8 29. Ke2 Re8 30. Kf3 Rc8 31. g3 Rf8 32. Ke2 Re8 33. Kf3
Rh8 34. Ra4 a5 35. h4 g5 36. g4 gxh4 37. gxf5+ Kxf5 38. Rd4 Ke6 39. Re4+ Kf5
40. Rd4 Bb8 41. Rd5+ Ke6 42. Rh5 h3 43. Ke3 h2 44. f4 h1=Q 45. Rxh1 h5 46. Ke4
h4 47. Rh3 Bc7 48. Ne1 d5+ 49. Kf3 Kf5 50. Ng2 Bd8 51. Ne3+ Ke6 52. Rh1 h3 53.
Kg4 Rg8+ 54. Kxh3 Rh8+ 55. Kg2 Rxh1 56. Kxh1 Bf6 57. Kg2 d4 58. Nd1 dxc3 59.
Nxc3 Kf5 60. Kf3 Bd4 61. Nd1 b5 62. b3 Bc5 63. Ne3+ Ke6 64. Ke4 a4 65. Nd5 axb3
66. axb3 b4 67. f5+ Kf7 68. Kd3 Bd6 69. Kc4 Bf8 70. Nb6 Be7 71. Nd7 Bd6 72. Nc5
Be7 73. Kxb4 Kf6 74. Kb5 Kxf5 75. Kc6 Ke5 76. b4 Kd4 77. Ne6+ Ke5 1/2-1/2

[Event "Vlaams kampioenschap 17"]
[Site "KGSRL"]
[Date "2017.05.26"]
[Round "4.11"]
[White "Boons, Bert"]
[Black "Moerman, Thomas"]
[Result "1/2-1/2"]
[WhiteElo "1963"]
[BlackElo "1784"]
[PlyCount "22"]
[EventDate "2017.??.??"]

1. e4 c5 2. Nf3 e6 3. d4 cxd4 4. Nxd4 Nc6 5. Nc3 Qc7 6. g3 a6 7. Bg2 Nf6 8. O-O
Nxd4 9. Qxd4 Bc5 10. Qd1 h5 11. Bf4 d6 1/2-1/2

[Event "Vlaams kampioenschap 17"]
[Site "KGSRL"]
[Date "2017.05.26"]
[Round "4.12"]
[White "Van de Wynkele, Rudy"]
[Black "Dauw, Sterre"]
[Result "1-0"]
[WhiteElo "1938"]
[BlackElo "1861"]
[PlyCount "159"]
[EventDate "2017.??.??"]

1. e4 c5 2. Nc3 a6 3. Bc4 e6 4. d3 g6 5. f4 Bg7 6. Nf3 Ne7 7. Ne2 d5 8. Bb3 b5
9. c3 Bb7 10. Ng3 h5 11. Qe2 a5 12. Bc2 b4 13. Bd2 Qb6 14. Qf2 Nd7 15. O-O Nf6
16. Ne5 O-O 17. Rab1 Nc6 18. Nf3 Ng4 19. Qe1 c4+ 20. Kh1 b3 21. axb3 cxb3 22.
Bd1 dxe4 23. Nxe4 Ba6 24. Qe2 Rfd8 25. Ne1 a4 26. Rf3 f5 27. Nf2 e5 28. Nxg4
hxg4 29. Rg3 e4 30. h3 gxh3 31. Be3 exd3 32. Qf2 Qb5 33. Rxg6 d2 34. Nf3 Ne7
35. Rg3 Nd5 36. Bd4 Qb7 37. Rxg7+ Qxg7 38. Bxg7 Kxg7 39. Nxd2 hxg2+ 40. Kxg2
Bb7 41. Qd4+ Nf6+ 42. Bf3 Rxd4 43. cxd4 Bxf3+ 44. Kxf3 Ng4 45. Ra1 Rh8 46. Nf1
Ra8 47. Ne3 a3 48. Nxf5+ Kf6 49. Kxg4 a2 50. Ne3 Ra4 51. Nd5+ Kf7 52. Kf5 Rxd4
53. Nc3 Rd2 54. Nxa2 Rd5+ 55. Ke4 Ra5 56. Kd3 bxa2 57. b4 Rf5 58. Rxa2 Rxf4 59.
Kc3 Ke6 60. Rd2 Rh4 61. Kb3 Rh1 62. Kc4 Rc1+ 63. Kb5 Rb1 64. Kc5 Rc1+ 65. Kb6
Rb1 66. b5 Ra1 67. Kb7 Rb1 68. b6 Rc1 69. Kb8 Rb1 70. b7 Ra1 71. Kc8 Rc1+ 72.
Kd8 Rb1 73. Rd7 Rh1 74. Re7+ Kf6 75. b8=Q Rh8+ 76. Re8 Rh7 77. Qe5+ Kg6 78.
Re6+ Kf7 79. Qf6+ Kg8 80. Re8# 1-0

[Event "Vlaams kampioenschap 17"]
[Site "KGSRL"]
[Date "2017.05.27"]
[Round "5.3"]
[White "Adriaens, Peter"]
[Black "Hamblok, Roel"]
[Result "0-1"]
[WhiteElo "1924"]
[BlackElo "2311"]
[PlyCount "114"]
[EventDate "2017.??.??"]

1. d4 Nf6 2. c4 e6 3. g3 Bb4+ 4. Bd2 Qe7 5. Nf3 Nc6 6. Nc3 d6 7. Bg2 O-O 8. d5
Nb8 9. dxe6 fxe6 10. Nd4 c6 11. O-O Ba5 12. e4 Bb6 13. Be3 e5 14. Nf5 Bxf5 15.
exf5 Bxe3 16. fxe3 Rd8 17. Rf2 a5 18. Rd2 Na6 19. e4 Nc5 20. b3 Rab8 21. Qe2
Qc7 22. h3 Qb6 23. Qe3 a4 24. Rb1 axb3 25. axb3 Ra8 26. b4 Ra3 27. Rd3 Ncd7 28.
c5 dxc5 29. bxc5 Qc7 30. Ne2 Ra5 31. Rc3 Rda8 32. Nc1 Ra1 33. Rcb3 Rxb1 34.
Rxb1 Kf8 35. Qc3 Ra4 36. Rb4 Qa5 37. Rb3 Qxc5+ 38. Qxc5+ Nxc5 39. Rb1 Nfxe4 40.
Nb3 Rb4 41. Bxe4 Nxe4 42. g4 Ke7 43. Re1 Rxb3 44. Rxe4 Kf6 45. Kg2 b5 46. Re2
c5 47. Rd2 c4 48. Rd6+ Kf7 49. Re6 c3 50. Rxe5 b4 51. Rc5 Rb2+ 52. Kf3 c2 53.
Rc7+ Ke8 54. g5 Rb3+ 55. Kg4 Rc3 56. Rxg7 c1=Q 57. Rxh7 Qg1+ 0-1

[Event "Vlaams kampioenschap 17"]
[Site "KGSRL"]
[Date "2017.05.27"]
[Round "5.4"]
[White "Bomans, Arno"]
[Black "Van Herck, Marcel"]
[Result "1/2-1/2"]
[WhiteElo "2274"]
[BlackElo "2167"]
[PlyCount "111"]
[EventDate "2017.??.??"]

1. d4 Nf6 2. c4 e6 3. Nc3 Bb4 4. e3 Nc6 5. Nge2 d5 6. a3 Bd6 7. c5 Be7 8. Nf4
O-O 9. b4 b6 10. Bb2 bxc5 11. dxc5 Nb8 12. Bd3 c6 13. Nce2 Qc7 14. Ng3 Nbd7 15.
Nfh5 Ne5 16. Be2 Nxh5 17. Nxh5 g6 18. Qd4 f6 19. Ng3 Nf7 20. h4 e5 21. Qd2 Kg7
22. f4 a5 23. h5 axb4 24. axb4 Rxa1+ 25. Bxa1 Nh6 26. O-O Bg4 27. Bxg4 Nxg4 28.
Qe2 Nh6 29. fxe5 fxe5 30. Rxf8 Kxf8 31. Qf3+ Nf7 32. hxg6 hxg6 33. Ne2 Qb7 34.
Bc3 Kg7 35. Nf4 Qd7 36. Qg3 Qf5 37. Qh3 Qxh3 38. Nxh3 Kf6 39. Kf2 Kf5 40. Ke2
Nd8 41. Nf2 e4 42. Nd1 Ne6 43. Nb2 Nc7 44. Na4 Bf6 45. Kd2 Bxc3+ 46. Nxc3 Na6
47. Ne2 Nxb4 48. Kc3 Nd3 49. Nd4+ Kg4 50. Nxc6 Nxc5 51. Kd4 Nd3 52. Kxd5 Ne1
53. Ne5+ Kg3 54. Kxe4 Nxg2 55. Nxg6 Nxe3 56. Kxe3 1/2-1/2

[Event "Vlaams kampioenschap 17"]
[Site "KGSRL"]
[Date "2017.05.27"]
[Round "5.6"]
[White "Barbe, Tom"]
[Black "Todts, Benny"]
[Result "1-0"]
[WhiteElo "2015"]
[BlackElo "2008"]
[PlyCount "25"]
[EventDate "2017.??.??"]

1. d4 c5 2. d5 Nf6 3. Nc3 Qa5 4. Bd2 b5 5. e4 b4 6. e5 bxc3 7. Bxc3 Qa4 8. exf6
Qe4+ 9. Qe2 Qg6 10. fxe7 Bxe7 11. Nf3 d6 12. O-O-O Bg4 13. Re1 1-0

[Event "Vlaams kampioenschap 17"]
[Site "KGSRL"]
[Date "2017.05.27"]
[Round "5.7"]
[White "Ghyselen, Wouter"]
[Black "Deketelaere, Francky"]
[Result "1-0"]
[WhiteElo "2152"]
[BlackElo "1750"]
[PlyCount "45"]
[EventDate "2017.??.??"]

1. d4 d6 2. Nf3 Nf6 3. g3 Nbd7 4. Bg2 e5 5. c4 Be7 6. Nc3 c6 7. e4 Qc7 8. O-O
O-O 9. Re1 Re8 10. h3 Nf8 11. b3 Ng6 12. Bb2 exd4 13. Nxd4 Bd7 14. Qc2 Rad8 15.
Rad1 Qc8 16. Kh2 h5 17. Nf5 Bxf5 18. exf5 Ne5 19. Ne2 Qc7 20. Nf4 h4 21. c5
hxg3+ 22. fxg3 Ned7 23. Rxe7 1-0

[Event "Vlaams kampioenschap 17"]
[Site "KGSRL"]
[Date "2017.05.27"]
[Round "5.8"]
[White "Mitran, Anthony"]
[Black "Draftian, Ashote"]
[Result "1/2-1/2"]
[WhiteElo "2141"]
[BlackElo "2285"]
[PlyCount "97"]
[EventDate "2017.??.??"]

1. d4 f5 2. Nf3 Nf6 3. c4 e6 4. Nc3 Bb4 5. g3 Bxc3+ 6. bxc3 b6 7. Bg2 Bb7 8.
O-O O-O 9. Ba3 d6 10. Qb3 Re8 11. Rad1 Nc6 12. Qc2 Na5 13. Nd2 Bxg2 14. Kxg2
Qd7 15. Kg1 Qc6 16. Qd3 Ne4 17. d5 exd5 18. cxd5 Qxc3 19. Nxe4 Qxd3 20. Nf6+
gxf6 21. exd3 Re5 22. Rc1 Rc8 23. Bxd6 Rxd5 24. Rxc7 Rxc7 25. Bxc7 Rxd3 26. Rc1
Rd4 27. Bb8 Rd7 28. Kg2 Kf7 29. Kf3 Rb7 30. Bf4 b5 31. Rc5 Ke6 32. a4 a6 33.
Ke2 Rb6 34. axb5 Rxb5 35. Rc7 Rb7 36. Rc5 Rb5 37. Rc7 Rb2+ 38. Kf3 Rb6 39. Rxh7
Nc6 40. h4 a5 41. h5 a4 42. h6 a3 43. Rg7 a2 44. h7 a1=Q 45. h8=Q Ne7 46. Kg2
Rb1 47. Rxe7+ Kxe7 48. Qg7+ Ke6 49. Qg8+ 1/2-1/2

[Event "Vlaams kampioenschap 17"]
[Site "KGSRL"]
[Date "2017.05.27"]
[Round "5.10"]
[White "Goossens, Hanne"]
[Black "Van de Wynkele, Rudy"]
[Result "1/2-1/2"]
[WhiteElo "2149"]
[BlackElo "1938"]
[PlyCount "134"]
[EventDate "2017.??.??"]

1. e4 c5 2. Nf3 g6 3. d4 cxd4 4. Nxd4 Bg7 5. Nc3 Nc6 6. Be3 Nf6 7. Bc4 O-O 8.
Bb3 Re8 9. O-O d6 10. h3 Bd7 11. Qd2 Qc8 12. f4 Na5 13. Qf2 e5 14. fxe5 dxe5
15. Ndb5 Bxb5 16. Nxb5 Qc6 17. Nc3 Nxb3 18. axb3 b6 19. Bg5 Re6 20. Qf3 Qc7 21.
Rf2 Rf8 22. Qe3 Qb7 23. Rd1 Nd7 24. Rfd2 Nb8 25. Nb5 f6 26. Bh6 Re7 27. Bxg7
Kxg7 28. c3 Qc6 29. Qe2 a6 30. Na3 b5 31. Rd6 Qb7 32. b4 f5 33. exf5 Rxf5 34.
Qe3 Nd7 35. Nb1 Nf6 36. Nd2 Nd5 37. Qe4 Qa7+ 38. Kh1 Nf6 39. Qe1 e4 40. Rd4 e3
41. Nf3 Qb7 42. R1d3 Nd5 43. Nh4 Rh5 44. Nf3 Qc6 45. Qe2 Qe6 46. Rd1 Qf7 47.
Ng1 Rf5 48. Re1 Rf2 49. Qg4 Nf6 50. Qh4 Nh5 51. Nf3 Rxf3 52. gxf3 Qxf3+ 53. Kh2
Rf7 54. Rg4 Rd7 55. Rd4 Rf7 56. Rg4 Qd5 57. Re2 Qd6+ 58. Kg2 Nf4+ 59. Rxf4 Rxf4
60. Qg3 Qd5+ 61. Kh2 Rf3 62. Qh4 Qe5+ 63. Kg2 Qf5 64. Qe7+ Kh6 65. Qh4+ Kg7 66.
Qe7+ Kh6 67. Qh4+ Kg7 1/2-1/2

[Event "Vlaams kampioenschap 17"]
[Site "KGSRL"]
[Date "2017.05.27"]
[Round "5.11"]
[White "Moerman, Thomas"]
[Black "Peeters, Tim"]
[Result "1-0"]
[WhiteElo "1784"]
[BlackElo "2008"]
[PlyCount "77"]
[EventDate "2017.??.??"]

1. d4 d5 2. c4 c6 3. Nc3 dxc4 4. a4 e5 5. e3 exd4 6. exd4 Be6 7. Nf3 Nf6 8. Ne5
c5 9. d5 Nxd5 10. Bxc4 Nxc3 11. Qxd8+ Kxd8 12. Bxe6 fxe6 13. bxc3 Ke8 14. Rb1
Nc6 15. Nxc6 bxc6 16. Rb7 Bd6 17. O-O Kf8 18. Rd1 Be5 19. Ba3 Bxc3 20. Bxc5+
Kg8 21. Rdd7 h6 22. Rxa7 Kh7 23. a5 Rhd8 24. Rxd8 Rxd8 25. g3 Rd1+ 26. Kg2 Ra1
27. a6 e5 28. Bf8 Bd4 29. Rxg7+ Kh8 30. a7 Bxa7 31. Rc7 Ra2 32. Bg7+ Kg8 33.
Bxe5 Bxf2 34. Kf3 Rc2 35. Kg4 Bb6 36. Rb7 Be3 37. Kf5 Rxh2 38. Kg6 Kf8 39. Bf6
1-0

[Event "Vlaams kampioenschap 17"]
[Site "KGSRL"]
[Date "2017.05.27"]
[Round "5.12"]
[White "Maerevoet, Sim"]
[Black "Artels, Lieven"]
[Result "1-0"]
[WhiteElo "2025"]
[BlackElo "2013"]
[PlyCount "73"]
[EventDate "2017.??.??"]

1. e4 e6 2. d4 d5 3. e5 c5 4. c3 Nc6 5. Nf3 Bd7 6. Bd3 Qb6 7. O-O cxd4 8. cxd4
Nxd4 9. Nbd2 Bb5 10. Nxd4 Bxd3 11. Qa4+ Kd8 12. Rd1 Qb4 13. Qxb4 Bxb4 14. N2b3
Bc4 15. a3 Bxb3 16. Nxb3 Be7 17. Be3 Kd7 18. Rac1 b6 19. Nd4 Rc8 20. Rxc8 Kxc8
21. Rc1+ Kb8 22. b4 h5 23. f4 Kb7 24. Nb5 a6 25. Nd6+ Bxd6 26. exd6 Nf6 27.
Rc7+ Kb8 28. Bxb6 Rd8 29. Rxf7 Rd7 30. Rxd7 Nxd7 31. Bd4 g6 32. a4 Kc8 33. b5
axb5 34. axb5 Nf8 35. Kf2 Kd7 36. Be5 Nh7 37. b6 1-0

[Event "Vlaams kampioenschap 17"]
[Site "KGSRL"]
[Date "2017.05.27"]
[Round "5.13"]
[White "Van Der Straeten, Lieven"]
[Black "Boons, Bert"]
[Result "0-1"]
[WhiteElo "1804"]
[BlackElo "1963"]
[PlyCount "90"]
[EventDate "2017.??.??"]

1. e4 d6 2. Nc3 Nf6 3. f4 c6 4. Nf3 Bg4 5. Be2 e6 6. h3 Bxf3 7. Bxf3 d5 8. exd5
cxd5 9. O-O Nc6 10. d3 Bc5+ 11. Kh1 a6 12. f5 O-O 13. Bg5 Kh8 14. Ne2 e5 15.
Ng3 Qd6 16. Bxf6 gxf6 17. Bg4 e4 18. Nh5 Qe5 19. c3 Bd6 20. g3 d4 21. Rf4 exd3
22. Qxd3 dxc3 23. bxc3 Rfe8 24. Raf1 Rad8 25. Qc4 Qe7 26. R4f2 Ne5 27. Qf4 Nxg4
28. Qxg4 Rg8 29. Qh4 Be5 30. Re2 Qd6 31. g4 Qc6+ 32. Kg1 Qxc3 33. Rxe5 Qxe5 34.
Nxf6 Qd4+ 35. Kh1 Rg7 36. Nh5 Qe4+ 37. Kg1 Rd2 38. Qg3 Qd4+ 39. Kh1 Rg8 40. Nf4
Re8 41. Nh5 Rd1 42. Qf3 Rxf1+ 43. Qxf1 Qc3 44. Qf4 Qe1+ 45. Kg2 Re2+ 0-1

[Event "Vlaams kampioenschap 17"]
[Site "KGSRL"]
[Date "2017.05.27"]
[Round "6.2"]
[White "Hamblok, Roel"]
[Black "Barbe, Tom"]
[Result "1/2-1/2"]
[WhiteElo "2311"]
[BlackElo "2015"]
[PlyCount "87"]
[EventDate "2017.??.??"]

1. d4 d5 2. Bf4 c5 3. e3 Nc6 4. c3 Nf6 5. Nd2 Bf5 6. Ngf3 Qb6 7. Qb3 c4 8. Qxb6
axb6 9. a3 h6 10. h3 e6 11. Be2 b5 12. Rc1 Be7 13. O-O Nd7 14. Bd1 Nb6 15. Bc2
Bxc2 16. Rxc2 f5 17. Ne5 Nxe5 18. Bxe5 Bf6 19. Bxf6 gxf6 20. g3 Rg8 21. Kh2 Ke7
22. Nf3 Nc8 23. Ng1 Nd6 24. Ne2 Rg7 25. f3 Rag8 26. Rd2 Rg6 27. Rg1 R6g7 28.
Nf4 Rg5 29. Rdg2 Kf7 30. Rd1 R5g7 31. Ne2 Ke7 32. Kg1 Rg5 33. Kf2 R5g7 34. Nf4
Rg5 35. Rh1 R5g7 36. g4 Kf7 37. Rhh2 Rg5 38. Kf1 R5g7 39. Ke1 Rg5 40. Kf2 R5g7
41. Nh5 Rg6 42. Rg3 Rg5 43. Rgg2 R5g6 44. Nf4 1/2-1/2

[Event "Vlaams kampioenschap 17"]
[Site "KGSRL"]
[Date "2017.05.27"]
[Round "6.4"]
[White "De Waele, Warre"]
[Black "Bomans, Arno"]
[Result "1/2-1/2"]
[WhiteElo "2042"]
[BlackElo "2274"]
[PlyCount "34"]
[EventDate "2017.??.??"]

1. d4 f5 2. g3 Nf6 3. Bg2 g6 4. Nf3 Bg7 5. O-O O-O 6. b4 c6 7. c4 a5 8. b5 d5
9. Qc2 Nbd7 10. a4 Ne4 11. cxd5 cxd5 12. Bf4 e6 13. Bc7 Qe7 14. Nbd2 Ndc5 15.
Bb6 Nd7 16. Bc7 Ndc5 17. Bb6 Nd7 1/2-1/2

[Event "Vlaams kampioenschap 17"]
[Site "KGSRL"]
[Date "2017.05.27"]
[Round "6.5"]
[White "Van Herck, Marcel"]
[Black "Ghyselen, Wouter"]
[Result "1/2-1/2"]
[WhiteElo "2167"]
[BlackElo "2152"]
[PlyCount "48"]
[EventDate "2017.??.??"]

1. d4 d6 2. c4 e5 3. d5 Be7 4. Nc3 h5 5. e4 h4 6. Bd3 Na6 7. Be3 Bg5 8. Qd2
Bxe3 9. Qxe3 Ne7 10. Nge2 Ng6 11. O-O-O c5 12. g3 Bd7 13. f4 f6 14. f5 Nf8 15.
gxh4 Rxh4 16. Rdg1 Qe7 17. Rg3 Nh7 18. Ng1 Ng5 19. Nf3 Nxf3 20. Qxf3 O-O-O 21.
Qg2 Rg8 22. Rg1 Nc7 23. h3 Ne8 24. Bc2 Qd8 1/2-1/2

[Event "Vlaams kampioenschap 17"]
[Site "KGSRL"]
[Date "2017.05.27"]
[Round "6.6"]
[White "Adriaens, Peter"]
[Black "Beukema, Jasper"]
[Result "1/2-1/2"]
[WhiteElo "1924"]
[BlackElo "2214"]
[PlyCount "55"]
[EventDate "2017.??.??"]

1. d4 f5 2. Nf3 e6 3. c4 Nf6 4. e3 b6 5. Bd3 Bb7 6. O-O Be7 7. Nbd2 O-O 8. Qc2
c5 9. b3 d5 10. Bb2 Ne4 11. cxd5 exd5 12. Ne5 Nc6 13. Nxc6 Bxc6 14. dxc5 bxc5
15. Nf3 Rc8 16. Ba6 Rc7 17. Rfd1 Qe8 18. Be5 Rd7 19. b4 Qg6 20. Rac1 Rfd8 21.
Bf4 Bf6 22. Nd4 Bxd4 23. exd4 c4 24. f3 Ng5 25. Kf2 Ne6 26. Be5 Nc7 27. Bxc7
Rxc7 28. Bxc4 1/2-1/2

[Event "Vlaams kampioenschap 17"]
[Site "KGSRL"]
[Date "2017.05.27"]
[Round "6.7"]
[White "Mitran, Anthony"]
[Black "Van Capellen, Jonas"]
[Result "1/2-1/2"]
[WhiteElo "2141"]
[BlackElo "2187"]
[PlyCount "86"]
[EventDate "2017.??.??"]

1. d4 Nf6 2. Nf3 e6 3. c4 d5 4. g3 dxc4 5. Bg2 Nc6 6. O-O Rb8 7. Nc3 a6 8. a4
Bb4 9. e3 O-O 10. Nd2 Na5 11. Qe2 b5 12. Rb1 Bb7 13. Na2 Bxg2 14. Kxg2 Be7 15.
axb5 axb5 16. f3 c5 17. dxc5 Bxc5 18. b4 cxb3 19. Nxb3 Nxb3 20. Rxb3 Qa5 21. e4
h6 22. Bf4 Rb7 23. Rfb1 Ra8 24. Nc1 b4 25. Qb2 Rd8 26. Nd3 Bd4 27. Qc2 e5 28.
Bd2 Rc7 29. Qd1 Bc3 30. Bxc3 Rxc3 31. Rxc3 bxc3 32. Qc2 g5 33. h3 Ne8 34. Rc1
Rc8 35. Qb3 Ng7 36. Nb2 Rd8 37. Nc4 Qc5 38. Rxc3 Ne6 39. Rd3 Nd4 40. Qb6 Qxb6
41. Nxb6 Rb8 42. Nc4 f6 43. Rd2 Rc8 1/2-1/2

[Event "Vlaams kampioenschap 17"]
[Site "KGSRL"]
[Date "2017.05.27"]
[Round "6.8"]
[White "Todts, Benny"]
[Black "Draftian, Ashote"]
[Result "0-1"]
[WhiteElo "2008"]
[BlackElo "2285"]
[PlyCount "60"]
[EventDate "2017.??.??"]

1. e4 c5 2. d4 cxd4 3. Nf3 e6 4. Nxd4 a6 5. Be3 Nf6 6. Bd3 Nc6 7. O-O Qc7 8.
Nd2 d5 9. c4 Nxd4 10. Bxd4 e5 11. Be3 d4 12. Bg5 Nd7 13. Qa4 f6 14. Bh4 g5 15.
Bg3 Kf7 16. b4 b6 17. Nb3 Bb7 18. Nxd4 Qd6 19. Nf3 Qxd3 20. Rad1 Qxe4 21. Qxd7+
Be7 22. Rfe1 Rhd8 23. Qc7 Rxd1 24. Rxd1 g4 25. Nh4 Rd8 26. Rf1 Qc6 27. Qxc6
Bxc6 28. a3 Rd3 29. Ra1 Ke6 30. Kf1 Rc3 0-1

[Event "Vlaams kampioenschap 17"]
[Site "KGSRL"]
[Date "2017.05.27"]
[Round "6.9"]
[White "Deketelaere, Francky"]
[Black "Maddens, Martijn"]
[Result "0-1"]
[WhiteElo "1750"]
[BlackElo "2200"]
[PlyCount "63"]
[EventDate "2017.??.??"]

1. d4 f5 2. g3 Nf6 3. Bg2 g6 4. Nf3 d6 5. c4 Bg7 6. Nc3 O-O 7. O-O Qe8 8. Qc2
e5 9. dxe5 dxe5 10. e4 Nc6 11. Re1 Nb4 12. Qe2 fxe4 13. Ng5 Bg4 14. f3 exf3 15.
Bxf3 Bxf3 16. Nxf3 Nd7 17. a3 Nc2 18. Qxc2 Rxf3 19. Qe4 Qf7 20. Be3 Rf8 21.
Rad1 a6 22. Nd5 c6 23. Nb4 Rf5 24. Qc2 e4 25. Bf4 a5 26. Na2 Nc5 27. Nc1 g5 28.
Be3 a4 29. Qe2 Nd7 30. Qc2 Ne5 31. Kg2 Nxc4 32. Bc5 0-1

[Event "Vlaams kampioenschap 17"]
[Site "KGSRL"]
[Date "2017.05.27"]
[Round "6.10"]
[White "Moerman, Thomas"]
[Black "Maerevoet, Sim"]
[Result "1/2-1/2"]
[WhiteElo "1784"]
[BlackElo "2025"]
[PlyCount "94"]
[EventDate "2017.??.??"]

1. d4 d6 2. c4 e5 3. e4 exd4 4. Qxd4 Nc6 5. Qd1 g6 6. Bd2 Bg7 7. Bc3 Nf6 8. Nd2
O-O 9. Bd3 Re8 10. Ne2 Ne5 11. Bc2 Be6 12. c5 Nfd7 13. cxd6 cxd6 14. O-O d5 15.
Nf4 Nb6 16. Nxe6 Rxe6 17. Bb3 d4 18. Bb4 Rc6 19. a4 a5 20. Ba3 Rac8 21. Qe2
Nbc4 22. Nxc4 Nxc4 23. Rfd1 Qb6 24. Qd3 Qa6 25. g3 Nxa3 26. Qxa6 Rxa6 27. Rxa3
Rb6 28. Rd3 Rc1+ 29. Kg2 Rb1 30. Ra2 Kf8 31. f4 Rb4 32. Kf3 Ke7 33. Kg4 h5+ 34.
Kf3 Rf1+ 35. Ke2 Rh1 36. h4 Rh2+ 37. Kf1 b6 38. Kg1 Re2 39. Bd5 Rbxb2 40. Rxb2
Rxb2 41. Rb3 Rxb3 42. Bxb3 f6 43. Kf1 g5 44. fxg5 fxg5 45. hxg5 Kd6 46. Ke2 Be5
47. Bf7 Bxg3 1/2-1/2

[Event "Vlaams kampioenschap 17"]
[Site "KGSRL"]
[Date "2017.05.27"]
[Round "6.11"]
[White "Boons, Bert"]
[Black "Goossens, Hanne"]
[Result "0-1"]
[WhiteElo "1963"]
[BlackElo "2149"]
[PlyCount "84"]
[EventDate "2017.??.??"]

1. e4 c5 2. Nf3 d6 3. d4 cxd4 4. Nxd4 Nf6 5. Nc3 a6 6. a4 Nc6 7. Be2 e5 8. Nb3
Be6 9. Be3 Bxb3 10. cxb3 Be7 11. O-O O-O 12. Bc4 Rc8 13. Bd5 Qd7 14. Qe2 Nb4
15. Rfd1 Bd8 16. f3 Ba5 17. Bc4 h6 18. h3 Rfd8 19. Rac1 Qe8 20. Qf2 Rd7 21. Bb6
Bxb6 22. Qxb6 Nc6 23. Ne2 Qd8 24. Qxd8+ Rdxd8 25. Rd2 Kf8 26. Kf2 Ke7 27. Ke3
Nd4 28. Nxd4 exd4+ 29. Rxd4 b5 30. axb5 axb5 31. Rcd1 bxc4 32. bxc4 Rb8 33.
R1d2 Rb3+ 34. R4d3 Rdb8 35. Rxb3 Rxb3+ 36. Kd4 Nd7 37. f4 Nc5 38. e5 Ne6+ 39.
Ke4 dxe5 40. fxe5 Rb8 41. Rc2 Nc5+ 42. Kd5 Nd3 0-1

[Event "Vlaams kampioenschap 17"]
[Site "KGSRL"]
[Date "2017.05.27"]
[Round "6.12"]
[White "Van de Wynkele, Rudy"]
[Black "Verheyen, Olivier"]
[Result "1/2-1/2"]
[WhiteElo "1938"]
[BlackElo "1695"]
[PlyCount "97"]
[EventDate "2017.??.??"]

1. e4 e5 2. Nf3 Nc6 3. Bc4 Bc5 4. c3 Nf6 5. d3 d6 6. Nbd2 Be6 7. Bb3 Bxb3 8.
Nxb3 Bb6 9. a4 a5 10. O-O O-O 11. Qe2 Qe7 12. Nh4 Rad8 13. Nf5 Qe6 14. Nd2 Ne7
15. g4 d5 16. g5 Ne8 17. Qg4 dxe4 18. dxe4 Nd6 19. Nxe7+ Qxe7 20. b3 f5 21.
exf5 Rxf5 22. Ne4 Rdf8 23. Ba3 Rf4 24. Qe2 Qe6 25. Bxd6 cxd6 26. c4 Qg4+ 27.
Qxg4 Rxg4+ 28. Ng3 Rf3 29. Rab1 Bc5 30. Kg2 Rc3 31. f3 Rxg5 32. f4 exf4 33.
Rxf4 Rc2+ 34. Kh3 Rf2 35. Rxf2 Bxf2 36. Ne4 Rh5+ 37. Kg2 Bc5 38. Rd1 Rh6 39.
Nxc5 dxc5 40. Rd8+ Kf7 41. Rd7+ Ke6 42. Rxb7 Rg6+ 43. Kf3 Rf6+ 44. Ke3 Rh6 45.
Rb6+ Ke5 46. Rb5 Rh3+ 47. Kf2 Kd4 48. Kg2 Re3 49. Rb7 1/2-1/2

[Event "Vlaams kampioenschap 17"]
[Site "KGSRL"]
[Date "2017.05.27"]
[Round "6.13"]
[White "Dauw, Sterre"]
[Black "Van de Wynkele, Eric"]
[Result "0-1"]
[WhiteElo "1861"]
[BlackElo "2011"]
[PlyCount "66"]
[EventDate "2017.??.??"]

1. e4 d5 2. exd5 Qxd5 3. Nc3 Qd6 4. d4 Nf6 5. g3 c6 6. Bg2 Bf5 7. Nf3 h6 8. O-O
e6 9. Ne5 Be7 10. Re1 O-O 11. Nc4 Qd8 12. a4 Na6 13. h3 Bb4 14. g4 Bg6 15. Ne5
Bh7 16. g5 hxg5 17. Bxg5 Be7 18. Kh1 Nb4 19. Bxf6 Bxf6 20. Be4 Bxe4+ 21. Rxe4
Nd5 22. Qf3 Bg5 23. Rg1 f5 24. Ree1 Bh6 25. Qh5 Rf6 26. Nf7 Rxf7 27. Qxh6 Nxc3
28. bxc3 Qd5+ 29. Kh2 Qf3 30. Re3 Qxf2+ 31. Rg2 Qxg2+ 32. Kxg2 gxh6 33. Rxe6
Kg7 0-1

[Event "Vlaams kampioenschap 17"]
[Site "KGSRL"]
[Date "2017.05.28"]
[Round "7.3"]
[White "Barbe, Tom"]
[Black "De Waele, Warre"]
[Result "0-1"]
[WhiteElo "2015"]
[BlackElo "2042"]
[PlyCount "104"]
[EventDate "2017.??.??"]

1. d4 Nf6 2. c4 e6 3. Nc3 Bb4 4. e3 O-O 5. Nge2 c6 6. a3 Ba5 7. Ng3 d5 8. Qc2
Nbd7 9. Be2 dxc4 10. Bxc4 e5 11. O-O exd4 12. exd4 Bc7 13. Ba2 Nb6 14. Rd1 Qd6
15. d5 Nbxd5 16. Bxd5 Nxd5 17. Nxd5 cxd5 18. Be3 Be6 19. Bc5 Qc6 20. Rac1 Rfc8
21. Qd2 Qd7 22. Bd4 Bd8 23. Qe3 b6 24. f4 Bg4 25. Re1 Rxc1 26. Rxc1 Qe6 27. Qd3
Rc8 28. Rf1 Qd6 29. f5 f6 30. h3 Bc7 31. hxg4 Qxg3 32. Qxg3 Bxg3 33. Bc3 Kf7
34. Rd1 Rd8 35. Kf1 Be5 36. Rd3 d4 37. Be1 Ke7 38. Ke2 Kd6 39. Bf2 Kd5 40. Rd2
Ke4 41. Rd3 Rc8 42. Rd2 Rc1 43. g3 d3+ 44. Rxd3 Rc2+ 45. Rd2 Rxd2+ 46. Kxd2
Bxb2 47. a4 Kf3 48. Be1 Kxg4 49. Kd3 Be5 50. Kc4 Bxg3 51. Bb4 h5 52. Bf8 h4 0-1